| 000 | 00543nam a2200241Ia 4500 | ||
|---|---|---|---|
| 008 | 210210b1949 xxu||||| |||| 00| 0 eng d | ||
| 041 | _aeng | ||
| 082 | _a370/69 | ||
| 100 | _aREDDY (C R) | ||
| 245 | _aReport on education in mysopre state: 13th May 1949 | ||
| 260 |
_aBangalore _bGovernment Press _c1949 |
||
| 650 | _astate: | ||
| 650 | _aReport | ||
| 650 | _aon | ||
| 650 | _amysopre | ||
| 650 | _aMay | ||
| 650 | _ain | ||
| 650 | _aeducation | ||
| 650 | _a1949 | ||
| 650 | _a13th | ||
| 690 | _aEducation | ||
| 906 | _a005009 | ||
| 999 |
_c128692 _d128692 |
||